An introduction to management science : (Record no. 4734)

MARC details
000 -LEADER
fixed length control field 00861nac a22002171u 4500
010 ## - LIBRARY OF CONGRESS CONTROL NUMBER
LC control number 99027530
020 ## - INTERNATIONAL STANDARD BOOK NUMBER
International Standard Book Number 0314631518 (hc. : alk. paper)
020 ## - INTERNATIONAL STANDARD BOOK NUMBER
International Standard Book Number 0314631518 :
082 00 - DEWEY DECIMAL CLASSIFICATION NUMBER
Classification number 658.4
Item number A5451
090 ## - LOCALLY ASSIGNED LC-TYPE CALL NUMBER (OCLC); LOCAL CALL NUMBER (OCLC)
-- 4734
-- 4734
100 ## - MAIN ENTRY--PERSONAL NAME
Personal name Anderson, David Ray,
245 13 - TITLE STATEMENT
Title An introduction to management science :
Remainder of title quantitative approaches to decision making /
Statement of responsibility, etc David R. Anderson, Dennis J. Sweeney, Thomas A. Williams.
250 ## - EDITION STATEMENT
Edition statement 3th ed.
260 ## - PUBLICATION, DISTRIBUTION, ETC. (IMPRINT)
Place of publication, distribution, etc Cincinnati :
Name of publisher, distributor, etc South-Western College Pub.,1982.
Date of publication, distribution, etc 1982.
300 ## - PHYSICAL DESCRIPTION
Extent vi, 630p. :
Other physical details ill. ;
Dimensions 27 cm.
650 #0 - SUBJECT ADDED ENTRY--TOPICAL TERM
Topical term or geographic name as entry element Management science.
700 1# - ADDED ENTRY--PERSONAL NAME
Personal name Sweeney, Dennis J.
700 1# - ADDED ENTRY--PERSONAL NAME
Personal name Williams, Thomas Arthur,
Dates associated with a name 1944-
942 ## - ADDED ENTRY ELEMENTS (KOHA)
Item type Book - Borrowing
Call number prefix 658.4A5451
Holdings
Withdrawn status Item status Damaged status Not for loan Home library Current library Shelving location Date acquired Source of acquisition Total Checkouts Full call number Barcode Date last seen Date last borrowed Koha item type
        Central Library Central Library First floor 17/09/2007 Purchase 2 658.4 AND 000005838 15/07/2025 10/11/2013 Book - Borrowing